[Event "Commonwealth-ch"]
[Site "New Delhi"]
[Date "2010.05.10"]
[Round "1"]
[White "Chopra, DK."]
[Black "Satyapragyan, Swayangsu"]
[Result "0-1"]
[WhiteElo "1860"]
[BlackElo "2463"]
[PlyCount "70"]
[EventDate "2010.05.10"]
[EventType "swiss"]
[EventRounds "11"]
[EventCountry "IND"]
[SourceTitle "CBM 136 Extra"]
[Source "ChessBase"]
[SourceDate "2010.07.02"]
[SourceVersion "2"]
[SourceVersionDate "2010.07.15"]
[SourceQuality "1"]

1. d4 Nf6 2. Nf3 c5 3. Bg5 cxd4 4. Bxf6 gxf6 5. Nxd4 Nc6 6. c3 Qb6 7. Nb3 d6 8. N1d2 h5 9. Nc4 Qc7 10. e3 h4 11. Nd4 Bd7 12. Be2 Rg8 13. g3 Rh8 14. Qd2 Ne5 15. Nxe5 fxe5 16. Nf3 hxg3 17. fxg3 Bh6 18. Bd1 Qb6 19. Kf2 Rg8 20. Bb3 Rg6 21. Rae1 e6 22. Kg2 0-0-0 23. Rhf1 Bc6 24. Kg1 Rg4 25. Nh4 Rxh4 26. Rxf7 Re4 27. Bxe6+ Kb8 28. Kf2 d5 29. Bf5 d4 30. Qc1 Bxe3+ 31. Rxe3 dxe3+ 32. Ke1 e2 33. Bxe4 Qg1+ 34. Kxe2 Qxc1 35. Bxc6 Qxb2+ 0-1